Представление документа в формате MARC21

Поле Инд. ПП Название Значение
Тип записи a
Библиографический уровень m
001 Контрольный номер 0ff6a094-2d13-48c2-8140-626d5b25fe6e
005 Дата корректировки 20230517091516.3
008 Кодируемые данные 020607
040 a Служба первич. каталог. НБ ТвГУ
041 0_ a Код языка текста rus
080 a Индекс УДК 78.03(470)
084 a Индекс другой классификации/Индекс ББК Щ313(2РОС=411.2)
090 x Авторский знак К 34
a Полочн. индекс 78(04)
100 1_ a Автор Келдыш Юрий Всеволодович
245 10 a Заглавие История русской музыки
n Номер части/ раздела Ч. 2
c Ответственность Ю. Келдыш
260 0_ a Место издания Москва
a Место издания Ленинград
b Издательство Музгиз
c Дата издания 1947
300 a Объем 386 с.
650 04 a Основная рубрика Музыка
x Основная подрубрика История
z Географическая подрубрика Россия
650 04 a Основная рубрика Русская музыка
653 0_ a Ключевые слова Музыка
a Ключевые слова Русская музыка
a Ключевые слова История музыки
852 41 i Расстановочный признак Проверка 2023
920 a Оператор Семен
952 c Вид литературы К рн
954 a Дата поступления на обработку 20020919
e Дата перешифровки 20230517